Informe del Relator /

Uloženo v:
Podrobná bibliografie
Hlavní autor: Daly Hayes, Margaret
Korporativní autor: Colegio Interamericano de Defensa
Další autoři: Relatora
Médium: Text
Vydáno: Washington D.C.: INSS
Tagy: Přidat tag
Žádné tagy, Buďte první, kdo vytvoří štítek k tomuto záznamu!

MARC

LEADER 00000 a a2200000 04500
001 23128
003
040
090 |a 159600  
100 |a Daly Hayes, Margaret  
110 |a Colegio Interamericano de Defensa  
245 |a Informe del Relator /  |c Margaret Daly Hayes 
260 |a Washington D.C.:   |b INSS  
300 |a 45 p.  
700 |a Relatora  
999 |c 10276  |d 10276